Simple cash books for small business

Bibliographic Details
Main Author: Ordidge, Paul D. (Author)
Format: Book
Published: London : Kogan Page , 1986
Subjects:

MARC

LEADER 00000cam a2200000 7i4500
001 0000005145
005 20021118093000.0
008 021118s1986
020 |a 1850911851 
090 0 0 |a HF5635   |b .O72 
100 0 |a Ordidge, Paul D. ,   |e author 
245 0 0 |a Simple cash books for small business   |c Paul D. Ordidge 
260 2 |a London :   |b Kogan Page ,   |c 1986 
300 |a 90 p. ; ;   |c 21 cm. 
501 |a Includes index 
650 0 |a Bookkeeping 
650 0 |a Small business   |x Accounting 
999 |a 1000014991   |b Book   |c OPEN SHELF (30 DAYS)   |e Gong Badak Campus